000 00342nam a2200133Ia 4500
005 20260328101519.0
008 260328s9999||||xx |||||||||||||| ||und||
100 _aCastro, Dicken
245 0 _aForma Viva :
_b El Oficio del DiseƱo /
_cDicken Castro
260 _bEscala
300 _a231 p.
650 _aARQUITECTURA - ELEMENTOS
942 _cBK
999 _c9508
_d9508